[Event "Andalucia-ch U10"]
[Site "Islantilla"]
[Date "2012.04.13"]
[Round "2"]
[White "Jimenez Barra, Francisco Javier"]
[Black "Torralbo Alcaide, David"]
[Result "0-1"]
[WhiteElo "1131"]
[BlackElo "1246"]
[PlyCount "52"]
[EventDate "2012.04.13"]
[EventType "swiss"]
[EventRounds "9"]
[EventCountry "ESP"]
[SourceTitle "CBM 148 Extra"]
[Source "ChessBase"]
[SourceDate "2012.06.22"]
[SourceVersion "1"]
[SourceVersionDate "2012.06.22"]
[SourceQuality "1"]

1. e4 c5 2. Nf3 Nc6 3. Bc4 e6 4. Nc3 Nge7 5. d3 d5 6. Bb5 Bd7 7. 0-0 a6 8. Bxc6 Bxc6 9. Bg5 f6 10. Bd2 d4 11. Ne2 f5 12. e5 Bxf3 13. gxf3 Qd5 14. f4 Ng6 15. f3 Nh4 16. Ng3 0-0-0 17. c4 dxc3 18. bxc3 Qxd3 19. Rf2 Be7 20. Qe2 Qxe2 21. Rxe2 Nxf3+ 22. Kf1 Nxd2+ 23. Kg1 Nf3+ 24. Kf1 Rd2 25. Re3 Nxh2+ 26. Ke1 Rd7 0-1